| 000 | 00888nam a2200253Ia 4500 | ||
|---|---|---|---|
| 003 | OSt | ||
| 005 | 20220923210941.0 | ||
| 006 | a|||||r|||| 00| 0 | ||
| 007 | ta | ||
| 008 | Pun | ||
| 020 |
_a8123746075 (pbk) _c105 |
||
| 024 | _a289,183 | ||
| 037 |
_b1027, 18/03/2016, H.K. Prakashan _cTextual |
||
| 040 |
_aARTS _cARTS _bPun |
||
| 041 |
_2Pun _aPun |
||
| 082 | _aV2:51yN07, 153P6` | ||
| 100 |
_aਸਾਨਿਆਲ, ਜਿਤੇ੍ਵਦਰ ਨਾਥ _9156496 |
||
| 245 | 0 | _aਅਮਰ Fਹੀਦ ਸਰਦਾਰ ਭਗਤ ਸਿੰਘ | |
| 260 |
_aਦਿੱਲੀ _b ਨੈFਨਲ ਬੁਕ ਟੱਰਸਟ _c2006 |
||
| 300 |
_a372ਪੰ _ccm. |
||
| 650 |
_aਭਾਰਤੀਯ ਇਤਿਹਾਸ _9156367 |
||
| 942 |
_hV2:51yN07, 153P6` _cTEXL _2CC |
||
| 999 |
_c293141 _d293141 |
||